<?xml version="1.0" encoding="UTF-8"?>
<record
    xmlns:xsi="http://www.w3.org/2001/XMLSchema-instance"
    xsi:schemaLocation="http://www.loc.gov/MARC21/slim http://www.loc.gov/standards/marcxml/schema/MARC21slim.xsd"
    xmlns="http://www.loc.gov/MARC21/slim">

  <leader>00295nam a22001217a 4500</leader>
  <datafield tag="040" ind1=" " ind2=" ">
    <subfield code="c">HS</subfield>
  </datafield>
  <datafield tag="082" ind1=" " ind2=" ">
    <subfield code="a">617</subfield>
  </datafield>
  <datafield tag="100" ind1=" " ind2=" ">
    <subfield code="a">&#x178F;&#x17C2; &#x1782;&#x17BB;&#x1799;&#x17A0;&#x17C4;</subfield>
  </datafield>
  <datafield tag="245" ind1=" " ind2=" ">
    <subfield code="a">Surgery : &#x1780;&#x17B6;&#x179A;&#x179C;&#x17C7;&#x1780;&#x17B6;&#x178F;&#x17CB;&#x179C;&#x17B7;&#x1787;&#x17D2;&#x1787;&#x17B6;</subfield>
  </datafield>
  <datafield tag="260" ind1=" " ind2=" ">
    <subfield code="a">RUA</subfield>
    <subfield code="b">&#x178F;&#x17C2; &#x1782;&#x17BB;&#x1799;&#x17A0;&#x17C4;</subfield>
    <subfield code="c">2008</subfield>
  </datafield>
  <datafield tag="300" ind1=" " ind2=" ">
    <subfield code="a">14p;</subfield>
  </datafield>
  <datafield tag="942" ind1=" " ind2=" ">
    <subfield code="c">KB</subfield>
  </datafield>
  <datafield tag="999" ind1=" " ind2=" ">
    <subfield code="c">10153</subfield>
    <subfield code="d">10153</subfield>
  </datafield>
  <datafield tag="952" ind1=" " ind2=" ">
    <subfield code="0">0</subfield>
    <subfield code="1">0</subfield>
    <subfield code="4">0</subfield>
    <subfield code="6">617_000000000000000_&#x178F;&#x17C2;_2008_C015_C020_OR</subfield>
    <subfield code="7">0</subfield>
    <subfield code="9">52563</subfield>
    <subfield code="a">LBC</subfield>
    <subfield code="b">LBC</subfield>
    <subfield code="c">C020</subfield>
    <subfield code="d">2016-09-21</subfield>
    <subfield code="o">617 &#x178F;&#x17C2; 2008 C015 C020 Or.</subfield>
    <subfield code="p">RUA056270</subfield>
    <subfield code="r">2016-09-27</subfield>
    <subfield code="y">KB</subfield>
  </datafield>
  <datafield tag="952" ind1=" " ind2=" ">
    <subfield code="0">0</subfield>
    <subfield code="1">0</subfield>
    <subfield code="4">0</subfield>
    <subfield code="6">617_000000000000000_&#x178F;&#x17C2;_2008_C015_C020_OR</subfield>
    <subfield code="7">0</subfield>
    <subfield code="9">52604</subfield>
    <subfield code="a">LBC</subfield>
    <subfield code="b">LBC</subfield>
    <subfield code="c">C020</subfield>
    <subfield code="d">2016-09-21</subfield>
    <subfield code="o">617 &#x178F;&#x17C2; 2008 C015 C020 Or.</subfield>
    <subfield code="p">A00767</subfield>
    <subfield code="r">2016-09-23</subfield>
    <subfield code="y">KB</subfield>
  </datafield>
  <datafield tag="952" ind1=" " ind2=" ">
    <subfield code="0">0</subfield>
    <subfield code="1">0</subfield>
    <subfield code="4">0</subfield>
    <subfield code="6">617_000000000000000_&#x178F;&#x17C2;_2008_C249</subfield>
    <subfield code="7">0</subfield>
    <subfield code="9">53023</subfield>
    <subfield code="a">LBC</subfield>
    <subfield code="b">LBB</subfield>
    <subfield code="c">C249</subfield>
    <subfield code="d">2016-10-13</subfield>
    <subfield code="l">2</subfield>
    <subfield code="o">617 &#x178F;&#x17C2; 2008 C249</subfield>
    <subfield code="p">RUA43624</subfield>
    <subfield code="q">2022-02-04</subfield>
    <subfield code="r">2022-01-18</subfield>
    <subfield code="s">2022-01-18</subfield>
    <subfield code="y">KB</subfield>
  </datafield>
  <datafield tag="952" ind1=" " ind2=" ">
    <subfield code="0">0</subfield>
    <subfield code="1">0</subfield>
    <subfield code="4">0</subfield>
    <subfield code="6">617_000000000000000_&#x178F;&#x17C2;_2008_C249</subfield>
    <subfield code="7">0</subfield>
    <subfield code="9">53024</subfield>
    <subfield code="a">LBC</subfield>
    <subfield code="b">LBB</subfield>
    <subfield code="c">C249</subfield>
    <subfield code="d">2016-10-13</subfield>
    <subfield code="l">1</subfield>
    <subfield code="o">617 &#x178F;&#x17C2; 2008 C249</subfield>
    <subfield code="p">RUA042797</subfield>
    <subfield code="q">2022-02-04</subfield>
    <subfield code="r">2022-01-18</subfield>
    <subfield code="s">2022-01-18</subfield>
    <subfield code="y">KB</subfield>
  </datafield>
</record>
